00497nam a2200085Ia 4500008004100000245004100041300025300082650001600335856006000351170517s9999 xx 000 0 und d 4aThe Man with the Seven Second Memory aAccording to his son, Clive Wearing was at one time an "intellectual colossus". He was also a highly acclaimed conductor and musician. Then, in 1985, a virus left sections of his brain severely impaired, particularly those responsible for memory... xTechnology. uhttp://topdocumentaryfilms.com/man-seven-second-memory/